000
00352nam a22001577a 4500
003
MPLRDC
005
20220104114157.0
008
210129b ||||| |||| 00| 0 eng d
082
_a
121.9 SX
100
_a
不详
245
_a
思舜谈咏辑
_c
260
_a
_b
马来亚通报
_c
300
_b
平
650
_a
先秦哲学
942
_c
BK
_o
121.9 SX
999
_c
5428
_d
5418